| 000 | 00462nam a2200193Ia 4500 | ||
|---|---|---|---|
| 005 | 20240823023403.0 | ||
| 008 | 240823s9999||||xx |||||||||||||| ||und|| | ||
| 020 | _a0-19-562435-1 | ||
| 041 | _aENGLISH | ||
| 082 | _A420 P2 | ||
| 100 | _a"Subrahmanian,K" | ||
| 245 | 0 | _aKnow your English Vol 1 | |
| 250 | _aIst | ||
| 260 |
_c2002 _bOxford University _aNew Delhi |
||
| 500 | _aTRANSFERED | ||
| 650 |
_aKnowledge _bGeneral |
||
| 942 | _cBK | ||
| 999 |
_c181417 _d181417 |
||